• AIU
  • Tony Wilmot Memorial Library

You can hear me now : (Record no. 57623)

MARC details
000 -LEADER
fixed length control field 00896nam a22002417a 4500
003 - CONTROL NUMBER IDENTIFIER
control field OSt
005 - DATE AND TIME OF LATEST TRANSACTION
control field 20130717143907.0
008 - FIXED-LENGTH DATA ELEMENTS--GENERAL INFORMATION
fixed length control field 130717b xxu||||| |||| 00| 0 eng d
020 ## - INTERNATIONAL STANDARD BOOK NUMBER
International Standard Book Number 9780787986094
040 ## - CATALOGING SOURCE
Original cataloging agency DLC
Language of cataloging English
Transcribing agency DLC
Modifying agency DLC
050 ## - LIBRARY OF CONGRESS CALL NUMBER
Classification number HE 9715.D48
Item number S85 2007
100 ## - MAIN ENTRY--PERSONAL NAME
Personal name Sullivan, Nicholas P.
9 (RLIN) 21892
245 ## - TITLE STATEMENT
Title You can hear me now :
Remainder of title how microloans and cell phones are connecting the world's poor to the global economy
Statement of responsibility, etc Nicholas P.Sullivan.
250 ## - EDITION STATEMENT
Edition statement 1st ed.
260 ## - PUBLICATION, DISTRIBUTION, ETC. (IMPRINT)
Place of publication, distribution, etc San Francisco, CA.
Name of publisher, distributor, etc Jossey-Bass.
Date of publication, distribution, etc c2007.
300 ## - PHYSICAL DESCRIPTION
Extent xxxvii, 232 p.;
504 ## - BIBLIOGRAPHY, ETC. NOTE
Bibliography, etc Includes bibliography and index.
610 ## - SUBJECT ADDED ENTRY--CORPORATE NAME
Corporate name or jurisdiction name as entry element Grameen Phone Ltd.
9 (RLIN) 21893
650 ## - SUBJECT ADDED ENTRY--TOPICAL TERM
Topical term or geographic name as entry element Cellular telephone services industry
Geographic subdivision Developing countries.
9 (RLIN) 21894
650 ## - SUBJECT ADDED ENTRY--TOPICAL TERM
Topical term or geographic name as entry element Information technology
Geographic subdivision Developing countries.
9 (RLIN) 21895
650 ## - SUBJECT ADDED ENTRY--TOPICAL TERM
Topical term or geographic name as entry element Telecommunication
Geographic subdivision Developing countries.
9 (RLIN) 21896
942 ## - ADDED ENTRY ELEMENTS (KOHA)
Source of classification or shelving scheme Library of Congress Classification
Koha item type Books
Holdings
Withdrawn status Lost status Source of classification or shelving scheme Damaged status Not for loan Collection code Home library Current library Shelving location Date acquired Source of acquisition Cost, normal purchase price Total Checkouts Full call number Barcode Date last seen Copy number Price effective from Koha item type
    Library of Congress Classification     General Circulation AIU/NEGST - Tony Wilmot Memorial Library AIU/NEGST - Tony Wilmot Memorial Library General Stacks 07/17/2013 Donation 45.00   HE 9715.D48S85 2007 R59634P3232 09/02/2019 1 07/17/2013 Books